000 00317nam a22001217a 4500
008 180606b xxu||||| |||| 00| 0 eng d
041 _aeng
080 _a043.3
100 _a0
101 _aSHKI-MTH
245 _aImplementimi i Backup-it të Data qendrës dhe replikimi i të dhënave
_cHisenaj,Z
942 _2udc
_cBK
999 _c46372
_d46372